01384cam a22002655a 45000010009000000050017000090080041000260200018000670400033000850820019001181000019001372450126001562500012002822600060002943000024003545000024003785040031004025050391004336500054008246500032008786530024009109420008009349990017009429520159009591794978520170112151802.0131121t2014 enk frb f001 0 eng d a9780199989492 aDLCbengcDLCdDLCdEG-ScBUE04222a361.3bMAP1 aMapp, Susan C.10aHuman rights and social justice in a global perspective :ban introduction to international social work /cSusan C. Mapp. a2nd ed. aOxford ;aNew York :bOxford University Press,cc.2014. ax, 342 p. ;c24 cm. aIndex : p. 341-342. aBibliography : p. 281-339.0 aInternational social development -- Human rights -- Human trafficking -- International child welfare -- War and conflict -- Aids -- Issues particularly affecting women -- Social work and the physical environment -- Millennium development goals and beyond -- A call to action -- Appendix A: Universal declaration of human rights -- Appendix B: Opportunities in international social work. 0aSocial servicexInternational cooperation.2BUEsh 7aHuman rights.2BUEsh911033 bBUSBOLcJanuary2017 2ddc c23918d23890 00102ddc40708AcademicaMAINbMAINc1STd2017-01-12ePurchaseg429.00h2000089l3m7o361.3 MAPp000040924r2025-07-15 00:00:00s2024-09-17v536.25yBB